000 00539nam a2200253Ia 4500
005 20260401122341.0
008 008 250103s9999 xx 000 0 eng d
037 _aTB
040 _aEDL
040 _beng
040 _cEDL
041 _2eng
041 _aeng
084 _a741.5092 BLA
084 _qEDL
245 0 _aGeorge Cruikshank's Omnibus
260 _aLondon
260 _bTilt and Bogue
300 _a300p
942 _cTB
942 _h741.5092 BLA
999 _c1846714
_d1846714